خلفاے راشدین کی جنگی حکمتِ عملی اور تدبیرات کا تجزیہ (Record no. 550481)
[ view plain ]
| 000 -LEADER | |
|---|---|
| fixed length control field | 00355nam a22001097a 4500 |
| 082 ## - DEWEY DECIMAL CLASSIFICATION NUMBER | |
| Classification number | 297.64 |
| Author Mark | KHA |
| -- | L-31,-P-158 |
| 245 ## - TITLE STATEMENT | |
| Title | خلفاے راشدین کی جنگی حکمتِ عملی اور تدبیرات کا تجزیہ |
| 260 ## - PUBLICATION, DISTRIBUTION, ETC. | |
| Place of publication, distribution, etc. | Islamabad: |
| Name of publisher, distributor, etc. | Army education Press. |
| 300 ## - PHYSICAL DESCRIPTION | |
| Extent | 311p' |
| 526 ## - STUDY PROGRAM INFORMATION NOTE | |
| Program name | 0 |
| Interest level | 0 |
| Reading level | 0 |
| Title point value | 297_640000000000000_KHA |
| 942 ## - ADDED ENTRY ELEMENTS (KOHA) | |
| Source of classification or shelving scheme | |
| Koha item type | Book |
| Withdrawn status | Lost status | Source of classification or shelving scheme | Damaged status | Not for loan | Permanent Location | Current Location | Date acquired | Total Checkouts | Full call number | Barcode | Date last seen | Date last checked out | Price effective from | Koha item type |
|---|---|---|---|---|---|---|---|---|---|---|---|---|---|---|
| Military College of Engineering (MCE) | Military College of Engineering (MCE) | 11/10/2014 | 2 | 297.64 KHA | MCE-11604 | 03/18/2015 | 02/18/2015 | 11/10/2014 | Book |
